V pasci nehnuteľného majetku
Riaditeľ Slovenskej automobilovej dopravy (SAD), š.p. Bratislava, o zámeroch v oblasti verejnej dopravy. Nepremyslená privatizácia verejnej autobusovej dopravy môže spôsobiť rozpad systému, ktorý - hoci s ťažkosťami - fungoval.
Enregistré dans:
| Auteur principal: | |
|---|---|
| Autres auteurs: | |
| Format: | Chapitre de livre |
| Langue: | slovaque |
| Sujets: | |
| Tags: |
Pas de tags, Soyez le premier à ajouter un tag!
|
MARC
| LEADER | 00000naa a2200000 4500 | ||
|---|---|---|---|
| 001 | r020933 | ||
| 005 | 20230801103225.7 | ||
| 041 | 0 | |a slo | |
| 044 | |a SK | ||
| 245 | 1 | 0 | |a V pasci nehnuteľného majetku |c E. Binda, D. Zverková |
| 520 | |a Riaditeľ Slovenskej automobilovej dopravy (SAD), š.p. Bratislava, o zámeroch v oblasti verejnej dopravy. Nepremyslená privatizácia verejnej autobusovej dopravy môže spôsobiť rozpad systému, ktorý - hoci s ťažkosťami - fungoval. | ||
| 610 | 2 | 0 | |a Slovensko |
| 610 | 2 | 0 | |a doprava automobilová osobná |
| 610 | 2 | 0 | |a doprava verejná |
| 610 | 2 | 0 | |a privatizácia |
| 610 | 2 | 0 | |a Slovenská autobusová doprava, š.p. Bratislava |
| 610 | 2 | 0 | |a SAD |
| 100 | 1 | |a Binda, E. | |
| 700 | 1 | |a Zverková, Daniela | |